Determinanten der Behandlungsteilnahme und des Behandlungsabbruchs bei inhaftierten Sexualstraftätern
| Autor principal: | |
|---|---|
| Tipo de documento: | Print Artículo |
| Lenguaje: | Alemán |
| Publicado: |
2014
|
| En: |
Forum Strafvollzug
Año: 2014, Volumen: 63, Número: 4, Páginas: 237-243 |
| Availability in Albert-Krebs Library: | Z.01 56.2007 ff |
| Verificar disponibilidad: | HBZ Gateway |
| Palabras clave: |
MARC
| LEADER | 00000caa a2200000 c 4500 | ||
|---|---|---|---|
| 001 | 1640420665 | ||
| 003 | DE-627 | ||
| 005 | 20221011151322.0 | ||
| 007 | tu | ||
| 008 | 140902s2014 xx ||||| 00| ||ger c | ||
| 035 | |a (DE-627)1640420665 | ||
| 035 | |a (DE-576)413909883 | ||
| 035 | |a (DE-599)BSZ413909883 | ||
| 040 | |a DE-627 |b ger |c DE-627 |e rakwb | ||
| 041 | |a ger | ||
| 084 | |a 2,1 |2 ssgn | ||
| 100 | 1 | |a Endres, Johann |d 1951- |0 (DE-588)122039130 |0 (DE-627)705747670 |0 (DE-576)16943754X |4 aut | |
| 109 | |a Endres, Johann 1951- |a Endres, J. 1951- | ||
| 245 | 1 | 0 | |a Determinanten der Behandlungsteilnahme und des Behandlungsabbruchs bei inhaftierten Sexualstraftätern |c Johann Endres |
| 246 | 3 | 0 | |a Sozialtherapie |
| 264 | 1 | |c 2014 | |
| 336 | |a Text |b txt |2 rdacontent | ||
| 337 | |a ohne Hilfsmittel zu benutzen |b n |2 rdamedia | ||
| 338 | |a Band |b nc |2 rdacarrier | ||
| 650 | 4 | |a Sexualdelikt |x Täter |x Therapie |x Strafvollzug |7 (dpeaa)DE-2619 | |
| 650 | 4 | |a Sexualdelikt |x Täter |x Rückfälligkeit |7 (dpeaa)DE-2619 | |
| 650 | 4 | |a Strafvollzug |x Rückfälligkeit |7 (dpeaa)DE-2619 | |
| 650 | 4 | |a Sozialtherapie |7 (dpeaa)DE-2619 | |
| 650 | 4 | |a Sexualstraftäter |7 (dpeaa)DE-2619 | |
| 650 | 4 | |a Strafvollzug |7 (dpeaa)DE-2619 | |
| 650 | 4 | |a Strafgefangener |7 (dpeaa)DE-2619 | |
| 650 | 4 | |a Rückfälligkeit |7 (dpeaa)DE-2619 | |
| 651 | 7 | |0 (DE-588)4005044-0 |0 (DE-627)106383221 |0 (DE-576)208858954 |a Bayern |2 gnd |7 (dpeaa)DE-2619 | |
| 773 | 0 | 8 | |i In |t Forum Strafvollzug |d Wiesbaden : Ges. für Fortbildung der Strafvollzugsbediensteten, 2007 |g 63(2014), 4, Seite 237-243 |w (DE-627)52370271X |w (DE-600)2268640-X |w (DE-576)261472836 |x 1865-1534 |7 nnas |
| 773 | 1 | 8 | |g volume:63 |g year:2014 |g number:4 |g pages:237-243 |
| 935 | |a mkri | ||
| 951 | |a AR | ||
| AKB | |a 56.2007 ff |b Z.01 | ||
| ELC | |b 1 | ||
| LOK | |0 000 xxxxxcx a22 zn 4500 | ||
| LOK | |0 001 3302111053 | ||
| LOK | |0 003 DE-627 | ||
| LOK | |0 004 1640420665 | ||
| LOK | |0 005 20250602081323 | ||
| LOK | |0 008 150617||||||||||||||||ger||||||| | ||
| LOK | |0 040 |a DE-21-110 |c DE-627 |d DE-21-110 | ||
| LOK | |0 689 |a s |a Behandlungsbedürftigkeit | ||
| LOK | |0 689 |a s |a Therapiemotivation | ||
| LOK | |0 689 |a s |a Therapieabbruch | ||
| LOK | |0 852 |a DE-21-110 | ||
| LOK | |0 852 1 |m p |9 00 | ||
| LOK | |0 938 |k p | ||
| LOK | |0 939 |a 17-06-15 |b l01 | ||
| LOK | |0 000 xxxxxcx a22 zn 4500 | ||
| LOK | |0 001 4196301495 | ||
| LOK | |0 003 DE-627 | ||
| LOK | |0 004 1640420665 | ||
| LOK | |0 005 20221011151322 | ||
| LOK | |0 008 221011||||||||||||||||ger||||||| | ||
| LOK | |0 035 |a (DE-2619)p13622 | ||
| LOK | |0 040 |a DE-2619 |c DE-627 |d DE-2619 | ||
| LOK | |0 092 |o n | ||
| LOK | |0 852 |a DE-2619 | ||
| LOK | |0 852 1 |m p |9 00 | ||
| LOK | |0 935 |a kreb | ||
| LOK | |0 938 |k p | ||
| LOK | |0 939 |a 11-10-22 |b l01 | ||
| ORI | |a SA-MARC-krimdoka001.raw | ||
